| 000 | 01208cam a2200337 a 4500 | ||
|---|---|---|---|
| 001 | 13352615 | ||
| 003 | ARRUPE | ||
| 005 | 20140602134132.0 | ||
| 008 | 030925s2002 mnu b 001 0 eng d | ||
| 010 | _a 2003277486 | ||
| 020 | _a0800636007 | ||
| 035 | _a(OCoLC)ocm51340511 | ||
| 040 |
_aJYH _cJYH _dONU _dDAY _dDLC |
||
| 042 | _alccopycat | ||
| 043 | _af-sa--- | ||
| 050 | 0 | 0 |
_aBT738.27 _b.D4 2002 |
| 082 | 0 | 0 |
_a261.8/0968 _222 |
| 100 | 1 |
_aDe Gruchy, John W. _910527 |
|
| 245 | 1 | 0 |
_aReconciliation : _brestoring justice / _cJohn W. de Gruchy. |
| 260 |
_aMinneapolis : _bFortress Press, _cc2002. |
||
| 300 |
_aviii, 255 p. ; _c22 cm. |
||
| 504 | _aIncludes bibliographical references (p. [240]-242) and index. | ||
| 610 | 1 | 0 |
_aSouth Africa. _bTruth and Reconciliation Commission. _910528 |
| 650 | 0 |
_aReconciliation _xReligious aspects _xChristianity. _910529 |
|
| 650 | 0 |
_aApartheid _xReligious aspects _xChristianity. _910530 |
|
| 650 | 0 |
_aHuman rights _zSouth Africa. _910531 |
|
| 651 | 0 |
_aSouth Africa _xChurch history. _910532 |
|
| 906 |
_a7 _bcbc _ccopycat _d2 _encip _f20 _gy-gencatlg |
||
| 942 |
_2lcc _cMONOGRAPH |
||
| 999 |
_c120594 _d120594 |
||